00840pam a2200241 a 450000100060000000300080000600500170001400800390003102000170007003500190008704000320010604100080013808200280014610000350017424500860020925000120029526000370030730000370034450400520038165100550043365100550048865100550054336465BD-RjUL20211209052506.0140624t1991 nyuab b 001 0 eng a0393029697 : a(BD-RjUL)36565 aDLCcDLCdDLCdBD-RjULbeng aeng00a306.20973220bBLY 19911 aBlum, John Morton,d1921-2011.10aYears of discord :bAmerican politics and society, 1961-1974 /cJohn Morton Blum. a1st ed. aNew York :bW.W. Norton,cc1991. ax, 530 p. :bill., map ;c25 cm. aIncludes bibliographical references and index. 0aUnited StatesxPolitics and governmenty1961-1963. 0aUnited StatesxPolitics and governmenty1963-1969. 0aUnited StatesxPolitics and governmenty1969-1974.